Statistics for Де знаходиться столиця на карті країни?

Click here to take the quiz!

General Stats

  • This quiz has been taken 169 times
  • The average score is 9 of 15

Answer Stats

QuestionAnswer% Correct
Де знаходиться столиця Франції?
81%
Де знаходиться столиця Німеччини?
78%
Де знаходиться столиця Великобританії?
74%
Де знаходиться столиця Індії?
67%
Де знаходиться столиця Туреччини?
64%
Де знаходиться столиця Австралії?
64%
Де знаходиться столиця Сполучених Штатів?
62%
Де знаходиться столиця Китаю?
61%
Де знаходиться столиця Іспанії?
58%
Де знаходиться столиця Японії?
58%
Де знаходиться столиця Швеції?
57%
Де знаходиться столиця Канади?
55%
Де знаходиться столиця Єгипту?
53%
Де знаходиться столиця Бразилії?
49%
Де знаходиться столиця Марокко?
33%

Score Distribution

Percentile by Number Answered

Percent of People with Each Score

Your Score History

You have not taken this quiz